Evaluación de costos y beneficios sociales de la electrificación rural en El Salvador

Wedi'i Gadw mewn:
Manylion Llyfryddiaeth
Awdur Corfforaethol: Universidad Centroamericana José Simeón Cañas
Fformat: Texto
Cyhoeddwyd: San Salvador: Universidad Centroamericana José Simeón Cañas
Tagiau: Ychwanegu Tag
Dim Tagiau, Byddwch y cyntaf i dagio'r cofnod hwn!

MARC

LEADER 00000 a a2200000 04500
001 20363
003
040
090 |a 084800  
110 |a Universidad Centroamericana José Simeón Cañas  
245 |a Evaluación de costos y beneficios sociales de la electrificación rural en El Salvador  
260 |a San Salvador:   |b Universidad Centroamericana José Simeón Cañas  
300 |a 165 p.; v. 2  
999 |c 1485  |d 1485